Blackstone's Statutes on Public Law & Human Rghts 2012-2013 / (Record no. 5875)

MARC details
000 -LEADER
fixed length control field 00688nam a22002297a 4500
003 - CONTROL NUMBER IDENTIFIER
control field OSt
005 - DATE AND TIME OF LATEST TRANSACTION
control field 20171025190311.0
008 - FIXED-LENGTH DATA ELEMENTS--GENERAL INFORMATION
fixed length control field 140624b xxu||||| |||| 00| 0 eng d
020 ## - INTERNATIONAL STANDARD BOOK NUMBER
International Standard Book Number 9-7801-9965-6295
040 ## - CATALOGING SOURCE
Original cataloging agency LDCLIB
Transcribing agency LDCLIB
082 ## - DEWEY DECIMAL CLASSIFICATION NUMBER
Edition number 22
Classification number 342.41
Item number BLA
245 ## - TITLE STATEMENT
Title Blackstone's Statutes on Public Law & Human Rghts 2012-2013 /
Statement of responsibility, etc edited by Bobert G. Lee.
250 ## - EDITION STATEMENT
Edition statement 22nd ed.
260 ## - PUBLICATION, DISTRIBUTION, ETC. (IMPRINT)
Place of publication, distribution, etc UK :
Name of publisher, distributor, etc Oxford Univ. Press,
Date of publication, distribution, etc 2012.
300 ## - PHYSICAL DESCRIPTION
Extent xii, 555 p. ;
Dimensions 24 cm.
500 ## - GENERAL NOTE
General note Includes Index
650 ## - SUBJECT ADDED ENTRY--TOPICAL TERM
Topical term or geographic name as entry element Public law
650 ## - SUBJECT ADDED ENTRY--TOPICAL TERM
Topical term or geographic name as entry element Human rights
650 ## - SUBJECT ADDED ENTRY--TOPICAL TERM
Topical term or geographic name as entry element Blackstone's statutes on Public law & Human rights 2012-2013
700 ## - ADDED ENTRY--PERSONAL NAME
Personal name Lee, Bobert G.
942 ## - ADDED ENTRY ELEMENTS (KOHA)
Source of classification or shelving scheme Dewey Decimal Classification
Koha item type Books
Holdings
Withdrawn status Lost status Source of classification or shelving scheme Damaged status Not for loan Home library Current library Shelving location Date acquired Total Checkouts Full call number Barcode Date last seen Copy number Price effective from Koha item type Public note
    Dewey Decimal Classification     Law Development Centre Main Library Law Development Centre Main Library Text Books and Laws 06/24/2014   342.41 BLA 1188/2014 06/24/2014 1 06/24/2014 Books reserve
    Dewey Decimal Classification     Law Development Centre Main Library Law Development Centre Main Library Text Books and Laws 06/24/2014   342.41 BLA 1189/2014 06/24/2014 2 06/24/2014 Books reserve
    Dewey Decimal Classification     Law Development Centre Main Library Law Development Centre Main Library Text Books and Laws 06/24/2014   342.41 BLA 1190/2014 06/24/2014 3 06/24/2014 Books reserve